Statistics for Countries with the Letter T

Click here to take the quiz!

General Stats

  • This quiz has been taken 44 times
    (32 since last reset)
  • The average score is 59 of 66

Answer Stats

Country % Correct
Afghanistan
100%
Malta
100%
Australia
100%
Austria
100%
Croatia
100%
South Korea
96%
South Sudan
96%
Haiti
96%
Switzerland
96%
Tajikistan
96%
Estonia
96%
Thailand
96%
Togo
96%
Portugal
96%
Tunisia
96%
United Arab Emirates
96%
United Kingdom
96%
United States
96%
Argentina
96%
Turkey
92%
Tanzania
92%
Vanuatu
92%
Vatican City
92%
Saint Vincent and the Grenadines
92%
Saint Lucia
92%
Saint Kitts and Nevis
92%
Tonga
92%
Vietnam
92%
Eritrea
92%
Ethiopia
92%
Italy
92%
Latvia
92%
Equatorial Guinea
92%
Egypt
92%
Kuwait
92%
South Africa
88%
Trinidad and Tobago
88%
Kiribati
88%
Lesotho
88%
East Timor
88%
Pakistan
88%
North Korea
88%
Netherlands
88%
Tuvalu
88%
Lithuania
88%
Turkmenistan
88%
D.R. Congo
85%
Uzbekistan
85%
Guatemala
85%
Mauritius
85%
Taiwan
85%
Mauritania
85%
Antigua and Barbuda
85%
Montenegro
85%
Kyrgyzstan
85%
Qatar
85%
Kazakhstan
85%
Liechtenstein
85%
São Tomé and Príncipe
81%
Djibouti
77%
Costa Rica
77%
Central African Republic
77%
Bhutan
77%
F.S. Micronesia
77%
Botswana
73%
Ivory Coast
69%

Score Distribution

Percentile by Number Answered

Percent of People with Each Score

Your Score History

You have not taken this quiz since the last reset